000 01275nam a22003857a 4500
001 0019622
003 KOHA_MİRAKIL
005 20260207002239.0
007 ta
008 100714b1994 tu |||gr||||#||||0|tur |
020 _a9755640565
_c0,01
040 _aTR-BiSEU
_btur
_cTR-BiSEU
_erda
041 0 _atur
044 _ctu
050 _aHF5415.13
_b.T57 1994
100 1 _aTokol, Tuncer.
245 1 _aPazarlama yönetimi/
_cTuncer Tokol ; Tuncer Tokol.
264 1 _aBursa :
_bUludağ Üniversitesi Güçlendirme Vakfı
_c1994
300 _a176 s. ;
_c24 sm.
336 _ametin
_btxt
_2rdacontent
337 _aaracısız
_bn
_2rdamedia
338 _acilt
_bnc
_2rdacarrier
490 0 _a Uludağ Üniversitesi Güçlendirme Vakfı yayın no.
490 0 _a60.
490 0 _aUÜİİBF İşletme İktisadı ve Muhasebe Araştırma ve Uygulama merkezi yayın no.
490 0 _a61
500 _aKaynakça var.
650 0 _aPazarlama--Yönetim.
_912709
650 0 _aMarketing--Management.
_94836
830 0 _a Uludağ Üniversitesi Güçlendirme Vakfı yayın no.
_925792
830 0 _a60.
_99777
830 0 _aUÜİİBF İşletme İktisadı ve Muhasebe Araştırma ve Uygulama merkezi yayın no.
_943847
830 0 _a61
_96986
942 _2lcc
_cBK
999 _c19579
_d19579